[Event "Club Championships"]
[Site "Wellington Chess Club"]
[Date "2011.08.23"]
[Round "5"]
[White "Brockway, Andrew"]
[Black "Farrington, Lawrence"]
[Result "1/2-1/2"]
[WhiteElo "1848"]
[BlackElo "1737"]

1. e4 e5 2. Nf3 Nf6 3. Nxe5 d6 4. Nf3 Nxe4 5. Nc3 d5 6. Qe2 Be7 7. Nxe4 dxe4 8.
Qxe4 O-O 9. Bd3 f5 10. Bc4+ Kh8 11. Qd5 Nc6 12. Qxd8 Rxd8 13. O-O Bd7 14. Re1
Bf6 15. c3 Na5 16. Bf1 c5 17. d4 cxd4 18. Nxd4 Nc6 19. Nf3 Be8 20. Bf4 Bh5 21.
Rad1 Bxf3 22. gxf3 Rxd1 23. Rxd1 Rd8 24. Rxd8+ Nxd8 25. Bc4 g6 26. Bd5 Kg7 27.
Bc7 b5 28. Bd6 Nf7 29. Bxf7 Kxf7 30. Bc5 a6 31. Be3 Ke6 32. Kf1 Kd5 33. Ke2 Kc4
34. Kd2 a5 35. b3+ Kd5 36. Kd3 Bd8 37. c4+ bxc4+ 38. bxc4+ Kc6 39. Bd4 Be7 40.
Kc3 a4 41. Kd3 Bd6 42. h3 Be7 43. Be3 Bd6 44. Ba7 Be7 45. Be3 Bd6 46. Bc1 Be7
47. Bb2 Bb4 48. Bd4 1/2-1/2

[Event "Club Championships"]
[Site "Wellington Chess Club"]
[Date "2011.08.23"]
[Round "5"]
[White "Jackson, Ross"]
[Black "Wilkins, Mark"]
[Result "1-0"]
[WhiteElo "1975"]
[BlackElo "1941"]

1. d4 Nf6 2. c4 e6 3. Nc3 Bb4 4. Qc2 b6 5. e4 Bb7 6. Bd3 c5 7. d5 d6 8. Ne2
Nbd7 9. O-O Bxc3 10. Nxc3 Ne5 11. Be2 exd5 12. exd5 Bc8 13. Bg5 h6 14. Bd2 Bd7
15. Rae1 Qc7 16. f4 Ng6 17. Bd3+ Ne7 18. b3 Kf8 19. Bc1 b5 20. Bb2 bxc4 21.
bxc4 Rb8 22. Nd1 Qa5 23. Bc3 Qa4 24. Qe2 Re8 25. Qb2 Neg8 26. Rxe8+ Bxe8 27. g4
Qd7 28. Bf5 Qd8 29. Ne3 Bd7 30. Bxd7 Qxd7 31. Nf5 Rh7 32. Qb8+ Ne8 33. Re1 g6
34. Ne3 f5 35. gxf5 gxf5 36. Nxf5 Ne7 37. Ng3 Qg4 38. Bd2 h5 39. Kf2 h4 40. Ne2
h3 41. Ng3 Rf7 42. Re4 Qd7 43. Qb2 Nf6 44. Re6 Ng4+ 45. Kg1 Rg7 46. Bc3 Rg6 47.
Qb8+ Kf7 48. Qh8 Rg8 49. Qh5+ Rg6 50. Rxg6 Nxg6 51. Qh7+ Ke8 52. Qxg6+ 1-0

[Event "Club Championships"]
[Site "Wellington Chess Club"]
[Date "2011.08.23"]
[Round "5"]
[White "Ker, Anthony"]
[Black "Dive, Russell"]
[Result "1-0"]
[WhiteElo "2479"]
[BlackElo "2434"]

1. e4 Nf6 2. e5 Nd5 3. d4 d6 4. Nf3 Nb6 5. c4 dxe5 6. Nxe5 N8d7 7. Nf3 Nf6 8.
Bd3 Bg4 9. Be3 e6 10. O-O Be7 11. Nbd2 O-O 12. Qc2 Bh5 13. Ne5 Qc8 14. Ndf3 c5
15. dxc5 Bxc5 16. Bg5 h6 17. Bxf6 gxf6 18. g4 fxe5 19. gxh5 Qd8 20. Qe2 Bd4 21.
Kh1 Kh8 22. Rg1 Na4 23. Qe4 f5 24. Qxb7 Rg8 25. Rxg8+ Qxg8 26. Rg1 Nc5 27.
Rxg8+ Rxg8 28. Qc7 Nxd3 29. h3 Nxf2+ 30. Kh2 Nd3 31. Nxd4 exd4 32. Qd6 Rg7 33.
Qxd4 Ne1 34. Qe3 Ng2 35. Qxh6+ 1-0

[Event "Club Championships"]
[Site "Wellington Chess Club"]
[Date "2011.08.23"]
[Round "5"]
[White "Marney, John"]
[Black "Sknar, Andrew"]
[Result "1-0"]
[WhiteElo "1603"]
[BlackElo "1041"]

1. e4 e5 2. Nf3 f6 3. d4 d6 4. Bc4 a6 5. a4 c6 6. Nc3 Bd7 7. Be3 b5 8. axb5
axb5 9. Rxa8 bxc4 10. O-O c5 11. dxc5 dxc5 12. Qd2 Bc6 13. Qxd8+ Kxd8 14. Rxb8+
Ke7 15. Bxc5+ Kf7 16. Rxf8+ Kg6 17. Rd1 h6 18. Rdd8 Kh7 19. Ne2 g6 20. Rf7# 1-0

[Event "Club Championships"]
[Site "Wellington Chess Club"]
[Date "2011.08.23"]
[Round "5"]
[White "Ranson, Bryce"]
[Black "Whittle, Jonathon"]
[Result "0-1"]
[WhiteElo "1362"]
[BlackElo "1688"]

1. e4 g6 2. d4 Bg7 3. Nf3 d6 4. Bd2 Nf6 5. Bd3 Nbd7 6. Bc3 c5 7. Nbd2 a6 8. e5
Nd5 9. Qe2 Nf4 10. Qf1 cxd4 11. Bxd4 dxe5 12. Be3 Nd5 13. Bg5 Nc5 14. Bb5+ Bd7
15. Bxd7+ Qxd7 16. b3 e4 17. Rd1 exf3 18. Nxf3 Bc3+ 19. Bd2 Ne4 20. Bxc3 Nexc3
21. Ra1 Qe6+ 22. Kd2 Ne4+ 23. Kc1 Rc8 24. a3 Qf6 25. Ra2 Ndc3 26. Rb2 Qf4+ 0-1

[Event "Club Championships"]
[Site "Wellington Chess Club"]
[Date "2011.08.23"]
[Round "5"]
[White "Van der Hoorn, Mark"]
[Black "Nijman, Brian"]
[Result "0-1"]
[WhiteElo "2178"]
[BlackElo "2196"]

1. d4 d5 2. Bf4 g6 3. e3 Bg7 4. c4 Nf6 5. Nc3 O-O 6. cxd5 Nxd5 7. Nxd5 Qxd5 8.
Bxc7 Nc6 9. Nf3 Bg4 10. Be2 Rac8 11. Bg3 Qa5+ 12. Nd2 Bxe2 13. Qxe2 Bxd4 14.
O-O Be5 15. Nb3 Qc7 16. Rac1 Bxg3 17. hxg3 Rfd8 18. Rfd1 Qe5 19. Rxd8+ Rxd8 20.
Nc5 Qd5 21. Nxb7 Rb8 22. Rc5 Qe4 23. Qb5 Nb4 24. Rc7 Nd5 25. Rc4 Qb1+ 26. Kh2
Nb6 27. Rf4 Qxa2 28. Na5 Qd5 29. Qb4 e5 30. Rc4 Nd7 31. Qc3 Nb6 32. Rc5 Qd8 33.
Nc6 Qd1 34. Qxe5 Nd7 35. Qf4 Re8 36. Nxa7 Nxc5 37. b4 Qh5+ 0-1

[Event "Club Championships"]
[Site "Wellington Chess Club"]
[Date "2011.08.23"]
[Round "5"]
[White "Veldhuizen, Matt"]
[Black "Gillespie, John"]
[Result "1-0"]
[WhiteElo "1467"]
[BlackElo "1574"]

1. e4 e5 2. f4 exf4 3. Nf3 g5 4. h4 g4 5. Ng5 Nh6 6. Bc4 f3 7. gxf3 f6 8. d4 c6
9. Qe2 Be7 10. Nh3 d5 11. Bxh6 gxh3 12. exd5 cxd5 13. Bb5+ Nc6 14. c3 a6 15.
Bd3 Qd6 16. f4 Be6 17. Nd2 O-O-O 18. O-O-O Rdg8 19. Rdg1 Rg2 20. Rxg2 hxg2 21.
Qxg2 Rg8 22. Qf2 f5 23. Bg5 b5 24. a3 Bd7 25. Nb3 h6 26. Bxe7 Nxe7 27. Nc5 Rg4
28. Nxd7 Kxd7 29. Rf1 Qf6 30. h5 Qg7 31. Qc2 Qf7 32. Qf2 Ng8 33. Qe3 Rh4 34.
Be2 Nf6 35. Qg3 Rg4 36. Bxg4 fxg4 37. Rh1 Kc6 38. f5 Ne4 39. Qf4 Qf6 40. Rg1 g3
41. Qg4 Qg5+ 42. Qxg5 Nxg5 43. Rxg3 Kd6 44. Rxg5 1-0

[Event "Club Championships"]
[Site "Wellington Chess Club"]
[Date "2011.08.24"]
[Round "5"]
[White "Nyberg, Michael"]
[Black "Sellen, Ian"]
[Result "0-1"]
[WhiteElo "2070"]
[BlackElo "2061"]

1. e4 c5 2. b3 Nc6 3. Bb2 e5 4. Ne2 Nf6 5. Nbc3 d6 6. Ng3 Be6 7. Be2 Be7 8. h4
d5 9. exd5 Nxd5 10. Nxd5 Bxd5 11. Nf5 Bf6 12. Ne3 Nd4 13. h5 h6 14. c3 Nxe2 15.
Qxe2 O-O 16. O-O-O Be6 17. Nc4 Bf5 18. d3 Re8 19. g4 Be6 20. Nd2 Bg5 21. Kb1
Bf4 22. Ne4 Bd5 23. f3 Qc7 24. Rhe1 f6 25. Qf2 b6 26. Ng3 Qc6 27. Rf1 Rad8 28.
c4 Bxg3 29. Qxg3 Bf7 30. Rfe1 Rd7 31. f4 exf4 32. Rxe8+ Bxe8 33. Qxf4 Qc7 34.
Qf5 Qd8 35. Kc2 Re7 36. Rd2 Qd7 37. Qf4 Qc7 38. Qf2 Bc6 39. Bc3 Qd7 40. Qf4 Qc7
41. Qf5 Qd7 42. Qxd7 Bxd7 43. Rg2 Kf7 44. b4 Bc6 45. Rf2 cxb4 46. Bxb4 Re3 47.
Rf4 Bd7 48. Rd4 Ke8 49. Bd6 Re2+ 50. Kb3 Rg2 51. Bb8 a6 52. Rd6 Rxg4 53. Rxb6
Bc8 54. Rc6 Kd7 55. Rc7+ Kd8 56. Kc3 f5 57. c5 g6 58. hxg6 Rxg6 59. Rh7 Bd7 60.
d4 Bc6 61. Bf4 Bd5 62. a3 Kc8 63. Bxh6 Rg3+ 64. Kb4 Rb3+ 65. Ka4 Rb5 66. Rh8+
Kd7 67. c6+ Bxc6 68. Bf8 f4 69. Rh7+ Ke8 70. Rh6 Bd7 71. Rd6 Rf5+ 72. Rxd7 Kxd7
73. Bc5 f3 0-1

[Event "Club Championships"]
[Site "Wellington Chess Club"]
[Date "2011.08.30"]
[Round "6"]
[White "Farrington, Lawrence"]
[Black "Stoeveken, Peter"]
[Result "1-0"]
[WhiteElo "1737"]
[BlackElo "1740"]

1. e4 e6 2. d4 d5 3. Nc3 Bb4 4. e5 c5 5. a3 Bxc3+ 6. bxc3 Nc6 7. Nf3 Qb6 8. a4
Nge7 9. Be3 c4 10. Be2 Nf5 11. Bc1 Bd7 12. Ba3 Qa5 13. Qd2 Qxa4 14. O-O Qa5 15.
Rfb1 Qc7 16. Bc5 a6 17. Ng5 h6 18. Nh3 Nce7 19. Bg4 Bb5 20. Rxb5 O-O 21. Rb2 f6
22. Bxf5 exf5 23. Nf4 Rf7 24. e6 Rff8 25. Re1 g5 26. Bxe7 Qxe7 27. Nxd5 Qd6 28.
Nb6 Ra7 29. Nxc4 Qc6 30. Qd3 b5 31. Nd2 Re7 32. d5 Qd6 33. c4 Rd8 34. Qxf5 Qa3
35. Rb3 Qc5 36. Qg6+ Rg7 37. Qd3 bxc4 38. Qxc4 Qa5 39. Rd3 Rc7 40. Qe4 Rxc2 41.
Qg6+ Kh8 42. Qxh6+ Kg8 43. Qg6+ Kh8 44. Rh3# 1-0

[Event "Club Championships"]
[Site "Wellington Chess Club"]
[Date "2011.08.30"]
[Round "6"]
[White "Gillespie, John"]
[Black "Marney, John"]
[Result "0-1"]
[WhiteElo "1574"]
[BlackElo "1603"]

1. d4 d5 2. c4 e6 3. Nc3 Nf6 4. Bg5 Be7 5. Nf3 O-O 6. e3 h6 7. Bh4 b6 8. Bd3
Bb7 9. O-O Nbd7 10. cxd5 exd5 11. Bg3 c5 12. Rc1 Re8 13. Nb5 Rf8 14. Nd6 Bc6
15. Nf5 Ne4 16. Nxe7+ Qxe7 17. Bxe4 Qxe4 18. Bd6 Rfc8 19. Ne5 Nxe5 20. Bxe5 c4
21. Rc3 b5 22. f3 Qg6 23. a3 a5 24. b4 axb4 25. axb4 Ra2 26. Rf2 Rca8 27. Rxa2
Rxa2 28. e4 Qxg2# 0-1

[Event "Club Championships"]
[Site "Wellington Chess Club"]
[Date "2011.08.30"]
[Round "6"]
[White "Nijman, Brian"]
[Black "Ker, Anthony"]
[Result "0-1"]
[WhiteElo "2196"]
[BlackElo "2479"]

1. d4 d6 2. Nf3 g6 3. c3 Bg7 4. e4 Nf6 5. Bd3 O-O 6. O-O Nc6 7. d5 Nb8 8. Re1
c6 9. c4 Bg4 10. h3 Bxf3 11. Qxf3 Nbd7 12. Bf1 Rc8 13. Nc3 Ne5 14. Qe2 cxd5 15.
exd5 Nxc4 16. Rb1 Re8 17. Bg5 h6 18. Bxf6 Bxf6 19. Ne4 Be5 20. Rbc1 Qa5 21. Qg4
Nb6 22. Rxc8 Rxc8 23. Qh4 Qxe1 0-1

[Event "Club Championships"]
[Site "Wellington Chess Club"]
[Date "2011.08.30"]
[Round "6"]
[White "Nyberg, Michael"]
[Black "Jackson, Ross"]
[Result "1-0"]
[WhiteElo "2070"]
[BlackElo "1975"]

1. e4 c5 2. Nf3 Nc6 3. d4 cxd4 4. Nxd4 Nf6 5. Nc3 d6 6. Bc4 e6 7. Bb3 Be7 8.
Be3 a6 9. a3 Qc7 10. f4 b5 11. O-O O-O 12. Rc1 Na5 13. f5 Nc4 14. Bxc4 bxc4 15.
Kh1 Rb8 16. fxe6 fxe6 17. b4 cxb3 18. cxb3 Qb7 19. Nc6 Qxc6 20. Nd5 Qe8 21.
Nxf6+ Rxf6 22. Rxf6 Bxf6 23. Qxd6 Rxb3 24. Bc5 Qd8 25. Qc6 Bb7 26. Qxe6+ Kh8
27. Qxb3 Bxe4 28. Rd1 Qa8 29. Qg3 h6 30. Re1 Qd5 31. Bb4 Be5 32. Qg4 Bc2 33.
Qc8+ 1-0

[Event "Club Championships"]
[Site "Wellington Chess Club"]
[Date "2011.08.30"]
[Round "6"]
[White "Rabina, Romeo"]
[Black "Brockway, Andrew"]
[Result "1/2-1/2"]
[WhiteElo "1773"]
[BlackElo "1848"]

1. Nf3 c5 2. e3 g6 3. Nc3 Bg7 4. b3 Nc6 5. Bb2 d5 6. Bb5 a6 7. Bxc6+ bxc6 8.
Na4 Bxb2 9. Nxb2 Qd6 10. h3 Nf6 11. O-O O-O 12. d3 e5 13. Re1 e4 14. Nd2 Re8
15. Qe2 a5 16. dxe4 Nxe4 17. Nxe4 Rxe4 18. Qd2 Qf8 19. Nd3 Qe7 20. Nf4 a4 21.
f3 Rb4 22. a3 Rbb8 23. Reb1 1/2-1/2

[Event "Club Championships"]
[Site "Wellington Chess Club"]
[Date "2011.08.30"]
[Round "6"]
[White "Sellen, Ian"]
[Black "Dive, Russell"]
[Result "0-1"]
[WhiteElo "2061"]
[BlackElo "2434"]

1. c4 c6 2. Nc3 a6 3. d4 b5 4. e3 d5 5. b3 Bf5 6. Bd3 Bxd3 7. Qxd3 Nf6 8. Nf3
e6 9. O-O Nbd7 10. cxd5 cxd5 11. Bb2 Bd6 12. Ne2 Qb8 13. Rfc1 O-O 14. h3 Ne4
15. Rc6 g5 16. a4 h5 17. axb5 axb5 18. Rxa8 Qxa8 19. Qc2 Qd8 20. Nd2 Nb8 21.
Nxe4 dxe4 22. Rc3 f5 23. Qd1 Nd7 24. Rc1 Nf6 25. Nc3 Qd7 26. d5 e5 27. Qe2 Rb8
28. Rd1 Kg7 29. Nb1 Kg6 30. Ba3 b4 31. Bb2 Qb5 32. Qd2 Rc8 33. f3 Rc5 34. fxe4
Nxe4 35. Qd3 Qxd3 36. Rxd3 Rc2 0-1

[Event "Club Championships"]
[Site "Wellington Chess Club"]
[Date "2011.08.30"]
[Round "6"]
[White "Wilkins, Mark"]
[Black "Aldridge, Alan"]
[Result "0-1"]
[WhiteElo "1941"]
[BlackElo "1914"]

1. d4 Nf6 2. Bg5 d5 3. Bxf6 exf6 4. e3 Bd6 5. Bd3 c6 6. Nd2 b5 7. c3 Be6 8.
Ngf3 Nd7 9. O-O f5 10. Qc2 Qf6 11. g3 g5 12. b3 h5 13. a4 h4 14. axb5 cxb5 15.
Bxb5 Ke7 16. Ra6 g4 17. Ne1 hxg3 18. fxg3 Qh6 19. Ndf3 gxf3 20. Rxf3 Rag8 21.
Qf2 Qh7 22. Ng2 Qxh2+ 23. Kf1 Bxg3 24. Qg1 Bb8 25. c4 Qh5 26. Qf2 Qg4 27. Nf4
Rh1+ 28. Ke2 Bxf4 29. exf4 Rgh8 30. Ke3 R8h3 31. Rxa7 Rxf3+ 32. Qxf3 Rh3 0-1

[Event "Club Championships"]
[Site "Wellington Chess Club"]
[Date "2011.09.06"]
[Round "?"]
[White "Gillespie, John"]
[Black "Sknar, Andrew"]
[Result "1-0"]
[WhiteElo "1574"]
[BlackElo "1041"]

1. e4 e5 2. Nf3 d6 3. Bc4 Bd7 4. O-O a6 5. c3 Bb5 6. Bxb5+ axb5 7. d4 f6 8.
dxe5 fxe5 9. Qb3 Qd7 10. Bg5 Be7 11. Bxe7 Nxe7 12. Nbd2 Na6 13. Ng5 Nc5 14.
Qf7+ Kd8 15. Qxg7 Qe8 16. Nf7+ Qxf7 17. Qxf7 Ng6 18. b4 Nd3 19. a3 Ne7 20. Qf6
Rf8 21. Qxf8+ Kd7 22. Qxa8 Nb2 23. Qxb7 Na4 24. Qxb5+ c6 25. Qxa4 Nc8 26. Nc4
d5 27. exd5 Nb6 28. Nxb6+ Kd6 29. Qxc6+ Ke7 30. d6+ Ke6 31. d7+ Ke7 32. d8=B+
Kxd8 33. Qd7# 1-0

[Event "Club Championships"]
[Site "Wellington Chess Club"]
[Date "2011.09.06"]
[Round "4"]
[White "Whittle, Jonathon"]
[Black "Theodosiou, Andreas"]
[Result "1-0"]
[WhiteElo "1688"]
[BlackElo "1249"]

1. Nf3 Nc6 2. g3 e5 3. d3 Nf6 4. Bg2 d5 5. O-O Be6 6. Nbd2 Qd7 7. Ng5 Bg4 8. f3
Bc5+ 9. Kh1 Bf5 10. e4 h6 11. Nxf7 Qxf7 12. exf5 O-O-O 13. c3 g5 14. fxg6 Qxg6
15. b4 Bb6 16. Nb3 a6 17. Nc5 Bxc5 18. bxc5 e4 19. dxe4 dxe4 20. Qb3 Na5 21.
Qe6+ Rd7 22. fxe4 Re8 23. Qxf6 Qxf6 24. Rxf6 Rd1+ 25. Rf1 Rxf1+ 26. Bxf1 Rxe4
27. Bxh6 Re5 28. Rd1 Rxc5 29. Bh3+ 1-0

[Event "Club Championships"]
[Site "Wellington Chess Club"]
[Date "2011.09.06"]
[Round "7"]
[White "Aldridge, Alan"]
[Black "Nyberg, Michael"]
[Result "0-1"]
[WhiteElo "1914"]
[BlackElo "2070"]

1. d4 Nf6 2. c4 g6 3. Nc3 Bg7 4. e4 d6 5. f3 Nbd7 6. Be3 c6 7. Qd2 O-O 8. Bh6
Re8 9. Bxg7 Kxg7 10. Nge2 e5 11. O-O-O Qa5 12. Kb1 a6 13. Nc1 Qc7 14. d5 c5 15.
Be2 Rb8 16. h4 Nf8 17. g4 Qe7 18. h5 Bd7 19. Rdg1 Ng8 20. f4 exf4 21. Qxf4 g5
22. Qd2 h6 23. Bf3 b5 24. cxb5 axb5 25. N1e2 b4 26. Nd1 Nf6 27. Nf2 c4 28. Ka1
b3 29. Rc1 Rec8 30. Rc3 Ra8 31. a3 Kg8 32. Rhc1 Ra4 33. Qd4 Bb5 34. Re3 N8d7
35. Nc3 Ra5 36. Nxb5 Rxb5 37. Rxc4 Nc5 38. e5 dxe5 39. Qxe5 Qxe5 40. Rxe5 Nfd7
41. Re1 Nb6 42. Rc3 Rd8 43. Rd1 Nba4 44. Rc4 Nb6 45. Rcc1 Re8 46. d6 Re3 47.
Bc6 Ra5 48. d7 Nbxd7 49. Bxd7 Re2 50. Nh1 Ne4 51. a4 Nf6 52. Bb5 Re4 53. Nf2
Rb4 54. Bc6 Nxg4 55. Nd3 Rb6 56. Kb1 Ne3 57. Rd2 Nc2 58. Bb5 Rbxb5 59. Rcxc2
bxc2+ 60. Rxc2 Rxa4 0-1

[Event "Club Championships"]
[Site "Wellington Chess Club"]
[Date "2011.09.06"]
[Round "7"]
[White "Brockway, Andrew"]
[Black "Havukkala, Ilkka"]
[Result "0-1"]
[WhiteElo "1848"]
[BlackElo "1877"]

1. e4 e5 2. Nf3 Nc6 3. Bb5 a6 4. Bxc6 dxc6 5. O-O Bd6 6. d4 Bg4 7. dxe5 Bxf3 8.
Qxf3 Bxe5 9. Rd1 Qe7 10. Nc3 g5 11. Ne2 h5 12. Qf5 g4 13. Bg5 Nh6 14. Bxe7 Nxf5
15. Bc5 Nd6 16. Bd4 Bxd4 17. Rxd4 O-O-O 18. c4 Rhe8 19. Ng3 h4 20. Nf5 Nxf5 21.
Rxd8+ Rxd8 22. exf5 Rd4 23. b3 Rd2 24. h3 gxh3 25. gxh3 Kd7 26. Re1 Rxa2 27. f6
Ra3 28. Re3 b5 29. cxb5 cxb5 30. Kg2 a5 31. Re7+ Kd8 32. Rxf7 Ke8 33. Rxc7 Rxb3
34. Ra7 a4 35. Rh7 a3 36. Rxh4 a2 37. Rh8+ Kf7 38. Ra8 Rb2 39. Ra6 b4 40. Kg3
Rb3+ 41. Kg4 Ra3 42. Rb6 a1=Q 43. Kg5 Qe5+ 44. Kg4 Qd4+ 0-1

[Event "Club Championships"]
[Site "Wellington Chess Club"]
[Date "2011.09.06"]
[Round "7"]
[White "Dive, Russell"]
[Black "Nijman, Brian"]
[Result "1-0"]
[WhiteElo "2434"]
[BlackElo "2196"]

1. c4 c6 2. Nf3 d5 3. b3 dxc4 4. bxc4 e5 5. Qc2 f6 6. e3 Na6 7. a3 Nc5 8. d4
exd4 9. exd4 Qa5+ 10. Nbd2 Ne6 11. g3 Be7 12. Bd3 Qh5 13. O-O Nh6 14. Re1 Kf7
15. Bb2 Re8 16. Re4 Ng5 17. Nxg5+ fxg5 18. Rae1 Bh3 19. c5 Kf8 20. Qb3 Bf6 21.
Qxb7 Ng4 22. Qxc6 Rec8 23. Qd6+ Kg8 24. Be2 Re8 25. Qc6 Rad8 26. Bc4+ Kf8 27.
Rxe8+ Rxe8 28. Rxe8+ Qxe8 29. Qxe8+ Kxe8 30. Ne4 Be7 31. d5 Nf6 32. Nxg5 Bf5
33. d6 Bf8 34. Bb5+ Kd8 35. Nf7+ Kc8 36. c6 1-0

[Event "Club Championships"]
[Site "Wellington Chess Club"]
[Date "2011.09.06"]
[Round "7"]
[White "Jackson, Ross"]
[Black "Sellen, Ian"]
[Result "1/2-1/2"]
[WhiteElo "1975"]
[BlackElo "2061"]

1. d4 d5 2. c4 e6 3. Nc3 Nf6 4. cxd5 exd5 5. Bg5 Be7 6. Qc2 O-O 7. e3 Nbd7 8.
Bd3 h6 9. Bf4 c5 10. Nf3 a6 11. O-O c4 12. Bf5 Re8 13. b3 Nb6 14. bxc4 Nxc4 15.
Bd3 b5 16. a4 Bd7 17. Ne5 Rc8 18. Nxd7 Qxd7 19. Bf5 Qb7 20. Bxc8 Rxc8 21. axb5
axb5 22. Qd3 b4 23. Ne2 b3 24. Rfb1 b2 25. Ra2 Ra8 26. Rxa8+ Qxa8 27. f3 Qa2
28. Qc2 Bb4 29. Kf2 Nd7 30. Nc1 bxc1=Q 31. Rxc1 Qa7 32. Rd1 g5 33. Bg3 Qa3 34.
Rd3 Qa1 35. Rd1 Qa3 36. Rd3 Qa1 37. Rd1 Qa5 38. e4 Ndb6 39. exd5 Qxd5 40. Qe4
Qa5 41. Qe8+ Kg7 42. Be5+ Nxe5 43. Qxe5+ Qxe5 44. dxe5 Nc4 45. Rb1 Bc5+ 46. Ke2
Nxe5 47. g3 Ng6 48. Rc1 Bd6 49. Rc6 Be7 50. Ra6 Bc5 51. Ra1 Kf6 52. Rc1 Bd6 53.
Rb1 h5 54. Rb3 Ke7 55. Rb7+ Ke6 56. Kf2 Ne5 57. Kg2 Ng6 58. Rb5 f5 59. g4 Nh4+
60. Kf2 Bxh2 61. gxh5 Be5 62. h6 Ng6 63. Rb7 g4 64. fxg4 fxg4 65. Rb5 Kf5 66.
h7 Kf6 67. Rb4 Kf5 68. Rxg4 Kxg4 69. Ke3 Kf5 70. Kd3 Ke6 71. Ke4 Ba1 72. Kf3
Kf7 73. Kg4 Kg7 74. h8=Q+ Kxh8 75. Kf5 Kg7 76. Ke6 Bf6 77. Kf5 Kf7 78. Ke4 Ke6
79. Ke3 Be5 80. Ke4 Ne7 81. Ke3 Kd5 82. Kf3 Ng6 83. Ke3 Bd4+ 84. Kf3 Ke5 85.
Kg4 Be3 86. Kf3 Bf4 87. Kg4 Ke4 88. Kh3 Ne5 89. Kh4 Kf3 90. Kh3 Kf2 91. Kh4 Kg2
92. Kh5 Kg3 1/2-1/2

[Event "Club Championships"]
[Site "Wellington Chess Club"]
[Date "2011.09.06"]
[Round "7"]
[White "Kay, Bruce"]
[Black "Farrington, Lawrence"]
[Result "0-1"]
[WhiteElo "1862"]
[BlackElo "1737"]

1. d4 d5 2. c4 Nc6 3. Nc3 dxc4 4. Nf3 Bg4 5. d5 Bxf3 6. exf3 Ne5 7. Bxc4 Nxc4
8. Qa4+ Qd7 9. Qxc4 a6 10. a4 Nf6 11. O-O g6 12. Bf4 Rc8 13. Rfd1 Bg7 14. Rac1
Nh5 15. Be3 O-O 16. Qb3 b6 17. Ne2 Nf6 18. Rd2 Rfd8 19. Rcd1 Ne8 20. Nc3 Nd6
21. Ne4 Qf5 22. Nxd6 exd6 23. Rc1 Re8 24. Rdc2 Qd7 25. h3 h5 26. Rc6 Kh7 27.
Qc2 Re5 28. Rxc7 Rxc7 29. Qxc7 Qxc7 30. Rxc7 Rxd5 31. Rxf7 Kg8 32. Rb7 b5 33.
axb5 axb5 34. b3 Be5 35. g3 Bc3 36. h4 Rd1+ 37. Kg2 b4 38. Rb6 Kf7 39. Bf4 d5
40. Bd6 Rb1 41. Bxb4 Rxb3 42. Bc5 Rxb6 43. Bxb6 d4 44. Kf1 d3 45. f4 Ke6 46. f3
Kd5 47. g4 Kc4 48. f5 gxf5 49. g5 Kb3 50. Be3 Kc2 51. g6 d2 52. Bxd2 Kxd2 53.
Kg2 Ke3 54. Kg3 f4+ 55. Kg2 Ke2 0-1

[Event "Club Championships"]
[Site "Wellington Chess Club"]
[Date "2011.09.06"]
[Round "7"]
[White "Ker, Anthony"]
[Black "Forster, Bill"]
[Result "1-0"]
[WhiteElo "2479"]
[BlackElo "1995"]

1. e4 c5 2. c3 e5 3. f4 exf4 4. Nf3 d5 5. exd5 Qxd5 6. Qa4+ Bd7 7. Qxf4 Bd6 8.
Qh4 Nf6 9. Bc4 Qh5 10. Na3 a6 11. O-O O-O 12. d3 Bc6 13. Qxh5 Nxh5 14. Ng5 Nf6
15. Nxf7 Rxf7 16. Bxf7+ Kxf7 17. Nc4 Bc7 18. Bf4 Bxf4 19. Rxf4 Nd7 20. Re1 Kg8
21. Na5 Rc8 22. Nxc6 Rxc6 23. g4 Rc8 24. d4 Re8 25. Rxe8+ Nxe8 26. dxc5 Nxc5
27. Rc4 b6 28. b4 Nd6 29. Rd4 Ncb7 30. c4 Kf8 31. g5 Ke7 32. Rh4 Kf7 33. Kf2
Kg6 34. Ke2 Nf5 35. Rg4 Nbd6 36. c5 bxc5 37. bxc5 Nb5 38. Kd3 Na7 39. Ra4 Kxg5
40. Rxa6 Nc8 41. Ke4 Nfe7 42. Ke5 Kg4 43. Ra3 g6 44. Rg3+ Kh4 45. Ke6 Nf5 46.
Rd3 h5 47. Kd7 Nfe7 48. Re3 Nf5 49. Re4+ Kh3 50. Kxc8 Kxh2 51. Kd7 1-0

[Event "Club Championships"]
[Site "Wellington Chess Club"]
[Date "2011.09.06"]
[Round "7"]
[White "Ranson, Bryce"]
[Black "Palmer, Luke"]
[Result "1-0"]
[WhiteElo "1362"]
[BlackElo "1195"]

1. e4 e5 2. Nf3 Nc6 3. Nc3 Bb4 4. a3 Bxc3 5. dxc3 Nf6 6. Bd3 d5 7. Qe2 O-O 8.
exd5 Nxd5 9. Be4 Bg4 10. Bd2 Nf4 11. Bxf4 exf4 12. O-O Ne5 13. Bxh7+ Kxh7 14.
Qxe5 Bxf3 15. gxf3 Qd2 16. Qe4+ g6 17. Qxb7 Qxc2 18. Rab1 Qf5 19. Qxc7 Rfe8 20.
Kg2 Re2 21. Qd6 Qg5+ 22. Kh1 Qh5 23. Qxf4 g5 24. Qg4 Qxg4 25. fxg4 Rae8 26. Kg2
R8e4 27. h3 Kg6 28. b4 Rc4 29. Rb3 Rce4 30. a4 f5 31. gxf5+ Kxf5 32. Kg3 g4 33.
h4 Ra2 34. a5 a6 35. f3 gxf3 36. Rxf3+ Kg6 37. Rf4 Rxf4 38. Kxf4 Kh5 39. Ke4
Kxh4 40. Kd4 Rg2 41. c4 Rg5 42. b5 axb5 43. Rxb5 Rg4+ 44. Kc5 Rg5+ 45. Kb4 Rg6
46. Rb6 Rg7 47. a6 Ra7 48. Kb5 Kg5 49. Rb7 Ra8 50. a7 Kf5 51. Kb6 Ke5 52. c5
Kd5 53. c6 Kd6 54. c7 Kd7 55. Rb8 Rxa7 56. c8=Q+ Kd6 57. Qc6+ Ke5 58. Re8+ Kf5
59. Qf3+ Kg6 60. Rg8+ Rg7 61. Rf8 Kh6 62. Rh8+ Kg6 63. Rh2 Rf7 64. Rg2+ Kh7 65.
Qh3# 1-0

[Event "Club Championships"]
[Site "Wellington Chess Club"]
[Date "2011.09.06"]
[Round "7"]
[White "Stoeveken, Peter"]
[Black "Rabina, Romeo"]
[Result "1-0"]
[WhiteElo "1740"]
[BlackElo "1773"]

1. d4 Nf6 2. c4 e6 3. Bg5 h6 4. Bh4 b6 5. e4 g5 6. Bg3 Bb7 7. f3 Bb4+ 8. Nd2
Nc6 9. Ne2 d5 10. cxd5 exd5 11. e5 Nh5 12. a3 Be7 13. Bf2 Na5 14. b4 Nc6 15.
Nc3 O-O 16. Qb3 Nf4 17. Rc1 a6 18. g3 Ne6 19. Ne2 f5 20. Bg2 f4 21. Bh3 Ng7 22.
Qd3 Qe8 23. gxf4 gxf4 24. Rg1 Bg5 25. Bg4 Bc8 26. h4 Be7 27. Bh5 Qxh5 28. Rxc6
Bxh4 29. Bxh4 Qxh4+ 30. Kd1 Bf5 31. Qb3 Qd8 32. Rxh6 Qd7 33. Nxf4 Rfe8 34. Nxd5
Qf7 35. Nf6+ Kf8 36. Qxf7+ Kxf7 37. Nxe8 Rxe8 38. Rf6+ 1-0

[Event "Club Championships"]
[Site "Wellington Chess Club"]
[Date "2011.09.06"]
[Round "7"]
[White "Van der Hoorn, Mark"]
[Black "Wilkins, Mark"]
[Result "1/2-1/2"]
[WhiteElo "2178"]
[BlackElo "1941"]

1. d4 Nf6 2. c4 e6 3. Nc3 Bb4 4. f3 d5 5. a3 Bxc3+ 6. bxc3 O-O 7. Bg5 Nbd7 8.
e3 h6 9. Bh4 c5 10. cxd5 Qa5 11. Qd2 exd5 12. Bd3 Re8 13. Ne2 cxd4 14. cxd4
Qxd2+ 15. Kxd2 g5 16. Bf2 Nb6 17. Rac1 Re7 18. g4 Be6 19. h4 Nc4+ 20. Bxc4 dxc4
21. hxg5 hxg5 22. e4 Rc8 23. Be3 Bxg4 24. Bxg5 Nxe4+ 25. fxe4 Rxe4 26. Nc3
Rxd4+ 27. Ke3 Rd3+ 28. Kf4 f5 29. Bf6 Kf7 30. Be5 Rf3+ 31. Kg5 Rg8+ 32. Kh4 Rg6
33. Nb5 Rh6+ 34. Kg5 Rg6+ 35. Kh4 1/2-1/2

[Event "Club Championships"]
[Site "Wellington Chess Club"]
[Date "2011.09.13"]
[Round "8"]
[White "Forster, Bill"]
[Black "Dive, Russell"]
[Result "0-1"]
[WhiteElo "1995"]
[BlackElo "2434"]

1. e4 Nf6 2. e5 Nd5 3. d4 d6 4. c4 Nb6 5. Nf3 Bg4 6. exd6 exd6 7. b3 a5 8. Be2
Be7 9. Bb2 O-O 10. O-O a4 11. Nbd2 Re8 12. b4 a3 13. Bc1 Bf6 14. Rb1 c5 15.
bxc5 dxc5 16. Rb3 cxd4 17. Bd3 Nc6 18. Qc2 h6 19. Bxa3 Na5 20. Rb5 Bd7 21. Rbb1
Bc6 22. Bb4 Na4 23. Rbe1 Qb6 24. a3 Nc3 25. Rxe8+ Rxe8 26. Re1 Rxe1+ 27. Nxe1
Ba4 28. Bh7+ Kh8 29. Qf5 Nc6 30. Bc5 Qb2 31. Qd3 Ne5 32. Qh3 Qxd2 33. Qc8+ Kxh7
34. Qf5+ g6 35. Qxf6 Qxe1# 0-1

[Event "Club Championships"]
[Site "Wellington Chess Club"]
[Date "2011.09.13"]
[Round "8"]
[White "Havukkala, Ilkka"]
[Black "Stoeveken, Peter"]
[Result "0-1"]
[WhiteElo "1877"]
[BlackElo "1740"]

1. e4 e6 2. f4 d5 3. exd5 exd5 4. Nf3 Bg4 5. Be2 Bd6 6. d4 Qf6 7. Ne5 Be6 8.
O-O Ne7 9. g4 g6 10. g5 Qg7 11. c4 c6 12. c5 Bc7 13. b4 h6 14. gxh6 Qxh6 15.
Rf2 Nf5 16. Ng4 Qg7 17. Bb2 Nd7 18. Na3 Nf6 19. Nc2 Ne4 20. Rf3 Rh4 21. h3
O-O-O 22. a4 Rdh8 23. Raa3 Qh7 24. Bf1 Rxg4+ 0-1